Statistiques concernant Harry Potter: le Bal de Noël

Cliquez ici pour prendre le quiz!

Statistiques générales

  • Ce quiz a été pris 283 fois
  • Le résultat moyen est 24 sur 38

Statistiques - réponses

InformationRéponses% Correct
ChampionHarry Potter
97%
PartenaireHermione Granger
96%
ChampionViktor Krum
95%
ChampionCedric Diggory
94%
ChampionneFleur Delacour
94%
PartenaireCho Chang
93%
ParticipantRon Weasley
92%
ParticipantNeville Londubat
86%
PartenairePadma Patil
85%
PartenaireParvati Patil
84%
3eme partenaireMinerva McGonagall
83%
PartenaireMinerva McGonagall
83%
ParticipantRubeus Hagrid
82%
ParticipantAlbus Dumbledore
81%
PartenaireGinny Weasley
81%
1ere partenaireOlympe Maxime
75%
PartenaireOlympe Maxime
75%
Première apparitionHarry Potter et la Coupe de Feu
74%
Dernière apparitionHarry Potter et la Coupe de Feu
74%
LieuGrande salle
70%
ParticipantDrago Malefoy
63%
ParticipantFred Weasley
62%
ParticipantBarty Croupton Jr
56%
ParticipantIgor Karkaroff
55%
ParticipantSeamus Finnigan
53%
PartenaireAngelina Johnson
50%
Evènement liéTournoi des Trois Sorciers
49%
PartenairePansy Parkinson
46%
Groupe qui y chanteBizzar Sisters
39%
2eme partenairePomona Chourave
39%
ParticipantArgus Rusard
37%
PartenaireRoger Davies
34%
PartenaireLavande Brown
33%
PartenaireMiss Teigne
26%
ParticipantLudovic Verpey
18%
PartenaireAurora Sinistra
14%
ParticipantStebbins
2%
PartenaireMiss Faucett
1%

Distribution des résultats

Percentile par nombre de réponses

% des personnes avec chaque résultat

Votre développement - résultats

Vous n’avez pas pris ce quiz